Normal view MARC view

Entry Topical Term

Number of records used in: 1

001 - CONTROL NUMBER

  • control field: 59964

003 - CONTROL NUMBER IDENTIFIER

  • control field: OSt

005 - DATE AND TIME OF LATEST TRANSACTION

  • control field: 20260402164225.0

008 - FIXED-LENGTH DATA ELEMENTS

  • fixed length control field: 260402|| aca||aabn | a|a d

040 ## - CATALOGING SOURCE

  • Original cataloging agency: OSt
  • Transcribing agency: OSt

150 ## - HEADING--TOPICAL TERM

  • Topical term or geographic name entry element: Imports, Exports, Import demand function, Covid-19, Global value chains

670 ## - SOURCE DATA FOUND

  • Source citation: Work cat.: (OSt): Ray, Saon thakur, Vasundhara 59963, Regional value chains: Opportunities for India and ASEAN?

Powered by Koha